| 000 | 00000nam 2200000zi 4500 |
| 001 | 9.925343 |
| 003 | CaOODSP |
| 005 | 20241203113656 |
| 006 | m o d f |
| 007 | cr |n||||||||| |
| 008 | 230719e19950201onc o f|0| 0 eng d |
| 040 | |aCaOODSP|beng|erda|cCaOODSP |
| 043 | |an-cn--- |
| 086 | 1 |aEn4-568/1995E-PDF |
| 245 | 00|aAtlantic Coastal Action Program : |binterim audit report. |
| 264 | 1|a[Ottawa] : |bEnvironment Canada, Review Branch, |cFebruary 1, 1995. |
| 300 | |a1 online resource (21 unnumbered pages) |
| 336 | |atext|btxt|2rdacontent |
| 337 | |acomputer|bc|2rdamedia |
| 338 | |aonline resource|bcr|2rdacarrier |
| 500 | |aDigitized edition from print [produced by Environment and Climate Change Canada]. |
| 520 | |a"At the request of management and in preparation for a planned Office of the Auditor General audit in 1996, an interim audit of the Atlantic Coastal Action Program was conducted during the second quarter of 1994-95. The Atlantic Coastal Action Program (ACAP) was designed as a demonstration project with an objective of planning for the restoration and conservation of 13 severely degraded coastal harbour and watershed areas. In practice, the ACAP sites have concentrated their efforts on the long-term planning for the sites, local action projects and overall education"--page [2]. |
| 610 | 10|aCanada. |bEnvironment Canada|xAuditing. |
| 610 | 16|aCanada. |bEnvironnement Canada|xAudit. |
| 710 | 1 |aCanada. |bEnvironment Canada, |eissuing body. |
| 856 | 40|qPDF|s2.22 MB|uhttps://publications.gc.ca/collections/collection_2024/eccc/en4/En4-568-1995-eng.pdf |